000 00707nam a2200229Ia 4500
005 20250508170217.0
008 008 250505s9999 xx 000 0 eng d
037 _aTextBook
040 _aFEDL
_beng
_cFEDL
041 _aeng
_2eng
084 _a001.42, BOG/R
_qFEDL
100 _aBogdan Robert C
245 0 _aQualitative research for education: An introduction to theory and methods
250 _a5
260 _aNew Delhi, India
_bPHI Learning Private Limited
_c2007
300 _axiv, 304p.
365 _aINR
_b325
546 _aAcc. No. 93804 gifted by Prof. Salaja Chennat
700 _a Biklen Aari knopp
_9783465
942 _cTB
_h001.42, BOG/R
999 _c1399803
_d1399803